<?xml version="1.0" encoding="UTF-8"?>
<record
    xmlns:xsi="http://www.w3.org/2001/XMLSchema-instance"
    xsi:schemaLocation="http://www.loc.gov/MARC21/slim http://www.loc.gov/standards/marcxml/schema/MARC21slim.xsd"
    xmlns="http://www.loc.gov/MARC21/slim">

  <leader>04461nam a2200349 a 4500</leader>
  <controlfield tag="003">OSt</controlfield>
  <controlfield tag="005">20250815142427.0</controlfield>
  <controlfield tag="007">cr ||||||a|a|a</controlfield>
  <controlfield tag="008">250808s2025    mx a|||fom||| 001 0 spa d</controlfield>
  <datafield tag="040" ind1=" " ind2=" ">
    <subfield code="e">rda</subfield>
  </datafield>
  <datafield tag="100" ind1="1" ind2=" ">
    <subfield code="a">P&#xE9;rez Ib&#xE1;&#xF1;ez, Daniel</subfield>
    <subfield code="9">190832</subfield>
  </datafield>
  <datafield tag="245" ind1="1" ind2="0">
    <subfield code="a">Evaluaci&#xF3;n del fertilizante org&#xE1;nico Biofertilis en diferentes modalidades para el mejor aprovechamiento de la planta de higo (Ficus caricaL.) bajo invernadero/</subfield>
    <subfield code="c">por Daniel P&#xE9;rez Ib&#xE1;&#xF1;ez; director de teis Samuel Sanch&#xE9;z Dominguez; secretario Segundo Ra&#xFA;l Ayanegui M&#xE9;ndez; vocal Jos&#xE9; de Jes&#xFA;s Loyola; suplente Esteban Sol&#xF3;rzano  Vega; suplente Carlos S&#xE1;nchez Abarca.</subfield>
  </datafield>
  <datafield tag="264" ind1=" " ind2="1">
    <subfield code="a">Chapingo, M&#xE9;xico :</subfield>
    <subfield code="b">El autor,</subfield>
    <subfield code="c">2024.</subfield>
  </datafield>
  <datafield tag="300" ind1=" " ind2=" ">
    <subfield code="a">1 recurso en l&#xED;nea (64 p&#xE1;ginas):</subfield>
    <subfield code="b">cuadros, figuras.</subfield>
  </datafield>
  <datafield tag="336" ind1=" " ind2=" ">
    <subfield code="2">rdacontent</subfield>
    <subfield code="a">texto</subfield>
    <subfield code="b">txt</subfield>
  </datafield>
  <datafield tag="337" ind1=" " ind2=" ">
    <subfield code="2">rdamedia</subfield>
    <subfield code="a">computadora</subfield>
    <subfield code="b">c</subfield>
  </datafield>
  <datafield tag="338" ind1=" " ind2=" ">
    <subfield code="2">rdacarrier</subfield>
    <subfield code="a">recurso en l&#xED;nea</subfield>
    <subfield code="b">cr</subfield>
  </datafield>
  <datafield tag="502" ind1=" " ind2=" ">
    <subfield code="b">IAEF</subfield>
    <subfield code="c">Fitotecnia</subfield>
    <subfield code="d">2024.</subfield>
    <subfield code="g">LIC</subfield>
  </datafield>
  <datafield tag="504" ind1=" " ind2=" ">
    <subfield code="a">Incluye referencias bibliogr&#xE1;ficas: p&#xE1;ginas 55-57.</subfield>
  </datafield>
  <datafield tag="520" ind1=" " ind2=" ">
    <subfield code="a">M&#xE9;xico est&#xE1; influenciado a una producci&#xF3;n de fruta restringido por temporadas de cosecha, sin embargo, la demanda que hay en el mercado nacional e internacional nos orilla a buscar m&#xE1;s alternativas de producci&#xF3;n, como lo son los sistemas intensivos bajo cubiertas pl&#xE1;sticas, donde el manejo del cultivo puede ser monitoreado para producir en diferentes temporadas del a&#xF1;o. En la producci&#xF3;n bajo sistemas intensivos es necesario tener una base para poder nutrir al cultivo y as&#xED; poder obtener todo su potencial gen&#xE9;tico en el &#xF3;rgano de inter&#xE9;s comercial. En la actualidad variedades presentes en el pa&#xED;s, como Black Mission, Kadota, Gomez, y Netzahualc&#xF3;yotl, son variedades partenocarpicas con un gran potencial para producir fruto fresco y seco que han abastecido la demanda que han generado debido a su alto contenido de azucares, minerales y antioxidantes, en mercados nacionales e internacionales, es por esto que en M&#xE9;xico se ha impulsado la producci&#xF3;n de este cultivo en los &#xFA;ltimos a&#xF1;os, buscando diferentes alternativas para su mejor producci&#xF3;n. En base a esto se plante&#xF3; una investigaci&#xF3;n que sirva como alternativa para la producci&#xF3;n eficiente del higo. El objetivo de este trabajo fue evaluar el comportamiento del cultivo de higo (Ficus carica L.) cv. Netzahualc&#xF3;yotl bajo invernadero, en respuesta a la aplicaci&#xF3;n en tres diferentes modalidades a una misma dosis del biofertilizante SM-BIOFERTILIS&#xAE;. Los tratamientos se aplicaron de forma foliar, drench, y drench + foliar. Las variables evaluadas fueron altura de planta, numero de hojas, di&#xE1;metro de tallo, numero de entrenudos, numero de frutos, di&#xE1;metro de fruto, y peso de fruto. El dise&#xF1;o usado fue completamente al azar con 5 repeticiones por tratamiento con 3 muestreo por repetici&#xF3;n. Para la modalidad de foliar, se obtuvieron frutos con mejor tama&#xF1;o, m&#xE1;s grados Brix y una buena altura, siendo este tratamiento el que mejor resultados dio, las plantas que se les aplic&#xF3; solo en drench, tuvieron un tallo m&#xE1;s fuerte, grueso, mayor color en las hojas y con un crecimiento m&#xE1;s r&#xE1;pido de tallos que los dem&#xE1;s tratamientos, en el caso donde se aplic&#xF3; drench + foliar, hubo un desequilibrio en los &#xF3;rganos de las plantas, pues unas presentaron mayor altura, otras mejores hojas, un tallo m&#xE1;s grueso o mayor retenci&#xF3;n de fruto, sin embargo al recibir una dosis m&#xE1;s alta provoco que la planta tuviera un crecimiento vegetativo excesivo y un bajo rendimiento. Los resultados obtenidos en este trabajo, remarcan la importancia de implementar alternativas para el desarrollo de cultivos, como los productos biorracionales, con los cuales podemos obtener una excelente producci&#xF3;n sustentable, abarcando factores importantes como el econ&#xF3;mico, el ambiental y el ecol&#xF3;gico.</subfield>
  </datafield>
  <datafield tag="650" ind1=" " ind2="4">
    <subfield code="a">Biofertilizantes</subfield>
    <subfield code="x">Evaluaci&#xF3;n</subfield>
    <subfield code="9">191048</subfield>
  </datafield>
  <datafield tag="650" ind1=" " ind2="4">
    <subfield code="a">Higo</subfield>
    <subfield code="x">Fertilizaci&#xF3;n</subfield>
    <subfield code="9">191049</subfield>
  </datafield>
  <datafield tag="650" ind1=" " ind2="4">
    <subfield code="a">Higo</subfield>
    <subfield code="x">Rendimiento</subfield>
    <subfield code="9">130276</subfield>
  </datafield>
  <datafield tag="650" ind1=" " ind2="4">
    <subfield code="a">Higo</subfield>
    <subfield code="x">Cultivos en invernadero</subfield>
    <subfield code="9">130277</subfield>
  </datafield>
  <datafield tag="700" ind1="1" ind2=" ">
    <subfield code="a">S&#xE1;nchez Dom&#xED;nguez, Samuel</subfield>
    <subfield code="9">158308</subfield>
    <subfield code="4">presidente.</subfield>
  </datafield>
  <datafield tag="700" ind1="1" ind2=" ">
    <subfield code="a">Ayanegui M&#xE9;ndez, Segundo Ra&#xFA;l</subfield>
    <subfield code="9">8993</subfield>
    <subfield code="e">secretario.</subfield>
  </datafield>
  <datafield tag="700" ind1="1" ind2=" ">
    <subfield code="a">Loyola, Jos&#xE9; de Jes&#xFA;s</subfield>
    <subfield code="9">68707</subfield>
    <subfield code="e">vocal.</subfield>
  </datafield>
  <datafield tag="700" ind1="1" ind2=" ">
    <subfield code="a">Sol&#xF3;rzano Vega, Esteban</subfield>
    <subfield code="9">108505</subfield>
    <subfield code="e">suplente.</subfield>
  </datafield>
  <datafield tag="700" ind1="1" ind2=" ">
    <subfield code="a">S&#xE1;nchez Abarca, Carlos</subfield>
    <subfield code="e">suplente.</subfield>
    <subfield code="9">107301</subfield>
  </datafield>
  <datafield tag="856" ind1=" " ind2=" ">
    <subfield code="u">http://10.13.5.2/tesis/tl/1611888-2_PEREZ_IBANEZ_DANIEL.pdf</subfield>
    <subfield code="z">DESCARGAR PDF</subfield>
  </datafield>
  <datafield tag="942" ind1=" " ind2=" ">
    <subfield code="2">Clasificaci&#xF3;n Universidad Aut&#xF3;noma Chapingo</subfield>
    <subfield code="c">TD</subfield>
  </datafield>
  <datafield tag="999" ind1=" " ind2=" ">
    <subfield code="c">220785</subfield>
    <subfield code="d">220785</subfield>
  </datafield>
  <datafield tag="952" ind1=" " ind2=" ">
    <subfield code="0">0</subfield>
    <subfield code="1">0</subfield>
    <subfield code="2">local</subfield>
    <subfield code="4">0</subfield>
    <subfield code="5">1</subfield>
    <subfield code="7">0</subfield>
    <subfield code="8">TesDigL</subfield>
    <subfield code="a">BD</subfield>
    <subfield code="b">BD</subfield>
    <subfield code="c">E_L</subfield>
    <subfield code="d">2025-08-08</subfield>
    <subfield code="l">0</subfield>
    <subfield code="o">Tesis digital</subfield>
    <subfield code="r">2025-08-08 13:21:48</subfield>
    <subfield code="w">2025-08-08</subfield>
    <subfield code="y">TD</subfield>
  </datafield>
</record>
